Rehabilitation counseling : (Record no. 915)

000 -LEADER
fixed length control field 01446nam a22003737a 4500
001 - CONTROL NUMBER
control field 3526952
003 - CONTROL NUMBER IDENTIFIER
control field OSt
005 - DATE AND TIME OF LATEST TRANSACTION
control field 20210426103724.0
008 - FIXED-LENGTH DATA ELEMENTS--GENERAL INFORMATION
fixed length control field 961004s1997 nyua b 001 0 eng
010 ## - LIBRARY OF CONGRESS CONTROL NUMBER
LC control number 96046426
020 ## - INTERNATIONAL STANDARD BOOK NUMBER
International Standard Book Number 0826195105
040 ## - CATALOGING SOURCE
Original cataloging agency DLC
Transcribing agency DLC
Modifying agency DLC
Language of cataloging eng
041 ## - LANGUAGE CODE
Language code of text/sound track or separate title eng
050 00 - LIBRARY OF CONGRESS CALL NUMBER
Classification number HV1568
Item number .R435 1997
080 ## - UNIVERSAL DECIMAL CLASSIFICATION NUMBER
Universal Decimal Classification number 615.825
Item number M-20
082 00 - DEWEY DECIMAL CLASSIFICATION NUMBER
Classification number 362.4/0486
Edition number 21
100 ## - MAIN ENTRY--PERSONAL NAME
9 (RLIN) 674
Personal name Maki, R. Dennis
245 00 - TITLE STATEMENT
Title Rehabilitation counseling :
Remainder of title profession and practice /
Statement of responsibility, etc. / by: Springer Publishing Company
260 ## - PUBLICATION, DISTRIBUTION, ETC.
Place of publication, distribution, etc. New York
Name of publisher, distributor, etc. Springer Publishing Company
Date of publication, distribution, etc. c1997.
300 ## - PHYSICAL DESCRIPTION
Extent xiii, 377 p.
Dimensions 24 cm.
490 1# - SERIES STATEMENT
Series statement Springer series on rehabilitation
504 ## - BIBLIOGRAPHY, ETC. NOTE
Bibliography, etc. note Includes bibliographical references (p. 323-361) and index.
650 #0 - SUBJECT ADDED ENTRY--TOPICAL TERM
Topical term or geographic name entry element People with disabilities
General subdivision Counseling of.
650 #0 - SUBJECT ADDED ENTRY--TOPICAL TERM
Topical term or geographic name entry element Physical Medicine
9 (RLIN) 673
650 #0 - SUBJECT ADDED ENTRY--TOPICAL TERM
Topical term or geographic name entry element People with disabilities
General subdivision Rehabilitation.
653 ## - INDEX TERM--UNCONTROLLED
Uncontrolled term ფიზიკური მედიცინა
653 ## - INDEX TERM--UNCONTROLLED
Uncontrolled term შეზღუდულუ შესაძლებლობების მქონე ადამიანები
700 1# - ADDED ENTRY--PERSONAL NAME
Personal name Maki, Dennis R.
Relator term Editor
700 1# - ADDED ENTRY--PERSONAL NAME
Personal name Riggar, T. F.
Relator term Editor
830 #0 - SERIES ADDED ENTRY--UNIFORM TITLE
Uniform title Springer series on rehabilitation (Unnumbered)
906 ## - LOCAL DATA ELEMENT F, LDF (RLIN)
a 7
b cbc
c orignew
d 1
e ocip
f 19
g y-gencatlg
942 ## - ADDED ENTRY ELEMENTS (KOHA)
Source of classification or shelving scheme
Koha item type Books
Holdings
Withdrawn status Lost status Source of classification or shelving scheme Damaged status Not for loan Permanent location Current location Date acquired Inventory number Total Checkouts Full call number Barcode Date last seen Price effective from Koha item type
          Ken Walker International University Ken Walker International University 01/21/2021 2117   615.825 M-20 2117 01/21/2021 01/21/2021 Books

Powered by Koha